| 000 | 00540nam a2200169Ia 4500 | ||
|---|---|---|---|
| 008 | 190805s9999||||xx |||||||||||||| ||und|| | ||
| 020 | _a9781856094900 | ||
| 082 | 0 | 4 |
_a623.89 _bK5269/V.2 |
| 100 | 1 | _aKhalique, Abdul | |
| 245 | 1 | 0 |
_aNAVBasics : salings, ocean and offshore Navigation - vol.2 / _cAbdul Khalique |
| 250 | _a2nd ed. | ||
| 260 |
_aScotland : _bWitherby Seamanship International Limited, _c2011, reprinted 2016 |
||
| 300 |
_a312 p. _b : col. ill. _c; 24 cm. |
||
| 650 | 0 | _aNavigation | |
| 942 | _cBK | ||
| 999 |
_c297 _d297 |
||